| 000 | 01176nam0a22002891 4500 | ||
|---|---|---|---|
| 001 | rc\4287378 | ||
| 005 | 20130416123100.1 | ||
| 021 |
_aRU _b97-ВП-3766/19 |
||
| 021 |
_aRU _b97-ВП-3799/18 |
||
| 035 | _a(NLR Aleph) 008250440 | ||
| 090 |
_a8332601 _c8332601 |
||
| 100 | _a20130416d1959 |||y0rusy50 ca | ||
| 101 | 0 | _arus | |
| 102 | _aRU | ||
| 105 | _ay z ||||| | ||
| 200 | 1 |
_aХимическая структура и биологические функции белковых веществ _eПерспективный план науч. исследований на 1959-1965 гг. _fАкад. наук СССР. Отд-ние биол. наук |
|
| 210 |
_aКиев _cБ. и. _d1959 |
||
| 215 |
_a9 л. _d29 |
||
| 300 | _aЛитогр. | ||
| 300 | _aНа 2-й с. обл. сост.: академики Акад. наук УССР В.А. Белицер и М.Ф. Гулый | ||
| 700 | 1 |
_aБелицер _bВ. А. _f1906- _gВладимир Александрович _4220 |
|
| 701 | 1 |
_aГулый _bМ. Ф. _gМаксим Федорович _4220 |
|
| 801 | 0 |
_aRU _bNLR _gpsbo |
|
| 801 | 1 |
_aRU _bELAR _2rusmarc |
|
| 852 |
_aNLR _j59-8/1847 |
||
| 942 | _cBOOK | ||
| 980 | _aNB | ||